| 000 | 00333nam a2200097Ia 4500 | ||
|---|---|---|---|
| 008 | 220204s9999 xx 000 0 und d | ||
| 082 |
_a339.1(94):634.573 _bREP |
||
| 245 | 0 | _aReport of the cashew trade delegation to Australia New Zealand, Hong Kong and Japan 1963 | |
| 260 |
_aKerala _bCashew Export Promotion Council _c1963 |
||
| 942 | _cBK | ||
| 999 |
_c22352 _d22352 |
||